| 000 | 01531nam a2200265Ia 4500 | ||
|---|---|---|---|
| 999 |
_c39390 _d39390 |
||
| 001 | 5979 | ||
| 003 | GE_BSU | ||
| 005 | 20191030165933.0 | ||
| 008 | 181216s2012||||ge |||||||||||||| ||geo|| | ||
| 020 | _a9789941176975 | ||
| 040 | _cGE_BSU | ||
| 041 | _ageo | ||
| 080 | _a94(479.22) ქ-65 | ||
| 100 |
_aქორთუა, ზაალ _95127 |
||
| 245 |
_aქართული სამეფო-სამთავროების საგარეო პოლიტიკის ისტორიიდან : _bოდიშის სამთავრო XVII ს. პირველ ნახევარში : (ურთიერთობა ოსმალეთთან, სპარსეთთან და ევროპასთან) / _cზაალ ქორთუა ; რედ. მურმან პაპაშვილი. |
||
| 264 |
_aთბილისი : _bუნივერსალი, _c2012. |
||
| 300 |
_a175 გვ. ; _b20 სმ. |
||
| 504 | _aბიბლიოგრ. ტექსტ. შენიშვნ. და გვ. 166-173. | ||
| 520 | _aრეზ. ინგლ.. | ||
| 653 | _aოდიშის სამთავროს ისტორია | ||
| 653 | _aსაქართველოს საგარეო პოლიტიკა | ||
| 700 |
_aპაპაშვილი, მურმან _eრედაქტორი _92032 |
||
| 710 |
_aშოთა მესხიას სახელმწ. სასწ. უნ-ტი. _95128 |
||
| 942 |
_cBK _2udc |
||